header

It could have been otherwise (Record no. 141188)

MARC details
000 -LEADER
fixed length control field 01605nam a22003614a 4500
082 04 - DEWEY DECIMAL CLASSIFICATION NUMBER
Classification number 123
100 1# - MAIN ENTRY--AUTHOR NAME
Personal name Gelber, Hester Goodenough,
245 10 - TITLE STATEMENT
Title It could have been otherwise
260 ## - PUBLICATION, DISTRIBUTION, ETC. (IMPRINT)
Place of publication Leiden ;
-- Boston :
Name of publisher Brill,
Year of publication 2004.
300 ## - PHYSICAL DESCRIPTION
Number of Pages viii, 412 p. :
Other physical details ill.
490 1# - SERIES STATEMENT
Series statement Studien und Texte zur Geistesgeschichte des Mittelalters,
650 #0 - SUBJECT ADDED ENTRY--TOPICAL TERM
Topical Term Philosophical theology
Topical Term Contingency (Philosophy)
Topical Term Necessity (Philosophy)
856 40 - ELECTRONIC LOCATION AND ACCESS
Uniform Resource Identifier http://site.ebrary.com/lib/rucke/Doc?id=10175415

No items available.

© 2026 Rongo University
Contact us: librarian | system librarian | Rongo university